• 首页
  • 本馆介绍
  • 公告通知
  • 最新文献
  • 馆藏检索
  • 电子资源
  • 读者导购
  • 参考咨询
  • 我的图书馆
  • 登录
  • 详细信息显示
  • 放入我的书架
  • 预约/预借图书
  • 作者相关作品
  • 分类相关作品
  • 丛书相关作品
  • 出版社相关作品

书目信息

  • 表格格式
  • 工作单格式
  • 卡片格式
题名:
高校本科专业教学质量标准
    
 
作者: 陈武林 著
分册:  
出版信息: 广州   广东高等教育出版社  2015.04
页数: 292页
开本: 24cm
丛书名: 高等学校本科专业设置预测系统项目研究丛书
单 册:
中图分类: G640.2
科图分类:
主题词: 高等学校--教学质量--研究
电子资源:
ISBN: 978-7-5361-5278-6
000 01089oam2 2200277 450
001 0120151602722
005 20160606171232.82
010    @a978-7-5361-5278-6@dCNY51.00
100    @a20150706d2015 em y0chiy50 ea
101 0  @achi
102    @aCN@b440000
105    @aak z 000yy
106    @ar
200 1  @a高校本科专业教学质量标准@9gao xiao ben ke zhuan ye jiao xue zhi liang biao zhun@e复杂性理论视角@f陈武林著
210    @a广州@c广东高等教育出版社@d2015.04
215    @a292页@c图@d24cm
225 2  @a高等学校本科专业设置预测系统项目研究丛书
330    @a本书共分为六章,主要内容包括:复杂性视阈下高校本科教学质量标准的理论认识、我国高校本科教学评价标准的回顾与反思、英美高校本科专业教学质量标准的比较与借鉴等。
333    @a高等学校本科专业设置预测系统项目研究相关人员
461  0 @12001 @a高等学校本科专业设置预测系统项目研究丛书
517 1  @a复杂性理论视角@9fu za xing li lun shi jiao
606 0  @a高等学校@x教学质量@x研究
690    @aG640.2@v5
701  0 @a陈武林@9chen wu lin@f(1983-)@4著
801  0 @aCN@b人天书店@c20150706
905    @b878422-27@dG640.2@e744@f6
    
    高校本科专业教学质量标准:复杂性理论视角/陈武林著.-广州:广东高等教育出版社,2015.04
    292页:图;24cm.-(高等学校本科专业设置预测系统项目研究丛书)
    使用对象:高等学校本科专业设置预测系统项目研究相关人员
    
    ISBN 978-7-5361-5278-6:CNY51.00
    本书共分为六章,主要内容包括:复杂性视阈下高校本科教学质量标准的理论认识、我国高校本科教学评价标准的回顾与反思、英美高校本科专业教学质量标准的比较与借鉴等。
●
相关链接 在E读中查询图书 在五车中查询图书 在当当中查询图书 在豆瓣中查询图书


正题名:高校本科专业教学质量标准     索取号:G640.2/744         预约/预借

序号 登录号 条形码 馆藏地/架位号 状态 备注
1 878422   208784225   第一样本阅览室/ [索取号:G640.2/744] 在馆    
2 878423   208784234   教育系资料室/ [索取号:G640.2/744] 在馆    
3 878424   208784243   教育系资料室/ [索取号:G640.2/744] 在馆    
4 878425   208784252   教育系资料室/ [索取号:G640.2/744] 在馆    
5 878426   208784261   第四借阅区/ [索取号:G640.2/744] 在馆    
6 878427   208784270   第四借阅区/ [索取号:G640.2/744] 在馆    
唐山师范学院图书馆 欢迎您!
大连网信软件有限公司© 版权所有